000 00309nam a2200109Ia 4500
008 190216s9999||||xx |||||||||||||| ||und||
100 _a"Harbans Singh, Agrawal Gg, Sharma Tc"
245 0 _aMedical Entrance Examination
260 _b"Neelam Agencies Publications, Agra"
_c1985
300 _a345p
942 _cREF
999 _c35543
_d35543